[Event "Mecklenburg VP LL2 West 1415"]
[Site "Mecklenburg VP"]
[Date "2015.02.22"]
[Round "6.8"]
[White "Andersen, Henrik"]
[Black "Wahrmann, Eric"]
[Result "0-1"]
[WhiteElo "1056"]
[BlackElo "1481"]
[PlyCount "48"]
[EventDate "2014.09.21"]
[EventType "team-tourn"]
[EventRounds "9"]
[EventCountry "GER"]
[SourceTitle "EXT 2022"]
[Source "ChessBase"]
[SourceDate "2021.10.06"]
[SourceVersion "1"]
[SourceVersionDate "2021.10.06"]
[SourceQuality "1"]
[WhiteTeam "Neukloster VfL Blau Weiss"]
[BlackTeam "Malchow Schachinsel"]
[WhiteTeamCountry "GER"]
[BlackTeamCountry "GER"]

1. e4 c5 2. Nc3 d6 3. Bc4 e6 4. Qe2 a6 5. a4 Nc6 6. Nf3 Be7 7. 0-0 Nf6 8. d3 0-0 9. Be3 d5 10. d4 cxd4 11. Bxd4 Nxd4 12. Nxd4 dxc4 13. Qxc4 e5 14. Nf3 Be6 15. Qe2 Qc7 16. Qe3 Ng4 17. Qc1 Rfd8 18. Rd1 Rxd1+ 19. Qxd1 Bc5 20. Nd5 Bxd5 21. exd5 Nxf2 22. Qe2 e4 23. Ne1 Ng4+ 24. Kf1 Nxh2# 0-1

[Event "Bronshoj-ch B"]
[Site "Bronshoj"]
[Date "2015.??.??"]
[Round "2"]
[White "Andersen, Henrik"]
[Black "Jensen, Soren Holm"]
[Result "1/2-1/2"]
[WhiteElo "1945"]
[BlackElo "2008"]
[PlyCount "167"]
[EventDate "2015.03.05"]
[EventType "tourn"]
[EventRounds "9"]
[EventCountry "DEN"]
[SourceTitle "EXT 2024"]
[Source "ChessBase"]
[SourceDate "2023.10.10"]
[SourceVersion "1"]
[SourceVersionDate "2023.10.10"]
[SourceQuality "1"]

1. c4 Nf6 2. Nc3 e5 3. Nf3 Nc6 4. d4 exd4 5. Nxd4 Nxd4 6. Qxd4 Be7 7. g3 0-0 8. Bg2 d6 9. 0-0 Nd7 10. Nd5 Bf6 11. Nxf6+ Qxf6 12. Qxf6 Nxf6 13. Bg5 Nd7 14. b3 Re8 15. Be3 Ne5 16. Bd4 Nc6 17. Bxc6 bxc6 18. e3 c5 19. Bc3 a5 20. Rfc1 Bf5 21. Kf1 Reb8 22. Ke2 a4 23. Kd2 f6 24. Bb2 axb3 25. axb3 Rxa1 26. Rxa1 Rxb3 27. Bc3 Rb7 28. Ra6 Kf7 29. Ba5 Ke7 30. Kc3 Be4 31. Ra8 Bf5 32. Ra6 Kd7 33. Ra8 Be6 34. Ra6 h6 35. Ra8 d5 36. cxd5 Bxd5 37. Ra6 Be6 38. Kc2 c6 39. Bc3 Kd6 40. Kd3 c4+ 41. Kd2 Bd5 42. Bd4 Rb5 43. Ra7 c5 44. Bc3 Bb7 45. Ra5 Rb1 46. Ra1 Rb3 47. Ra5 Rb6 48. Ra4 Kd5 49. Ra5 Rc6 50. Ra7 Rc7 51. Ba5 Rd7 52. Bc3 Kc6+ 53. Kc2 Kb6 54. Ra5 Be4+ 55. Kb2 Bd3 56. Ra8 Rb7 57. Rc8 Kb5 58. Rg8 Ka4+ 59. Kc1 Kb3 60. Kd2 Bf5 61. Rd8 Bd7 62. Rg8 Bc6 63. Rd8 Ra7 64. Rb8+ Bb7 65. Ba5 Rxa5 66. Rxb7+ Ka4 67. Kc3 Rb5 68. Ra7+ Ra5 69. Rxg7 Kb5 70. Rb7+ Kc6 71. Rf7 Kd5 72. Rxf6 Ra3+ 73. Kb2 Rd3 74. Rxh6 Rd2+ 75. Kc3 Rxf2 76. Rh5+ Ke4 77. Kxc4 Kxe3 78. Kxc5 Ke4 79. Rh8 Rg2 80. Kd6 Kf5 81. Ke7 Kg6 82. h4 Kg7 83. Rh5 Rxg3 84. Rg5+ 1/2-1/2

[Event "Bronshoj-ch B"]
[Site "Bronshoj"]
[Date "2015.??.??"]
[Round "5"]
[White "Bilandzic, Ante"]
[Black "Andersen, Henrik"]
[Result "0-1"]
[WhiteElo "1896"]
[BlackElo "1945"]
[PlyCount "88"]
[EventDate "2015.03.05"]
[EventType "tourn"]
[EventRounds "9"]
[EventCountry "DEN"]
[SourceTitle "EXT 2024"]
[Source "ChessBase"]
[SourceDate "2023.10.10"]
[SourceVersion "1"]
[SourceVersionDate "2023.10.10"]
[SourceQuality "1"]

1. d4 d5 2. Bf4 e6 3. e3 c5 4. c3 Nc6 5. Nd2 Nf6 6. a3 Bd6 7. dxc5 Bxc5 8. Ngf3 0-0 9. Ne5 Bd6 10. Nxc6 bxc6 11. Bxd6 Qxd6 12. Bd3 e5 13. h3 Be6 14. 0-0 Rfe8 15. Re1 Rad8 16. Qc2 c5 17. Rad1 Qb8 18. Rc1 Re7 19. b4 cxb4 20. cxb4 Rc8 21. Qb1 Rec7 22. Nb3 Rxc1 23. Rxc1 Rxc1+ 24. Qxc1 Qc8 25. Qxc8+ Bxc8 26. Na5 Bd7 27. b5 Kf8 28. Kf1 Ke7 29. Ke1 Kd6 30. Nb3 Ne8 31. Kd2 Nc7 32. a4 Ne6 33. Bf5 Nc5 34. Nxc5 Bxf5 35. Nb3 g5 36. Kc3 h5 37. Kb4 h4 38. Nc5 g4 39. hxg4 Bxg4 40. a5 Bf3 41. gxf3 h3 42. Na4 h2 43. b6 axb6 44. a6 Kc6 0-1

[Event "Bronshoj-ch B"]
[Site "Bronshoj"]
[Date "2015.??.??"]
[Round "1"]
[White "Tandrup, Michael"]
[Black "Andersen, Henrik"]
[Result "1/2-1/2"]
[WhiteElo "1958"]
[BlackElo "1945"]
[PlyCount "83"]
[EventDate "2015.03.05"]
[EventType "tourn"]
[EventRounds "9"]
[EventCountry "DEN"]
[SourceTitle "EXT 2024"]
[Source "ChessBase"]
[SourceDate "2023.10.10"]
[SourceVersion "1"]
[SourceVersionDate "2023.10.10"]
[SourceQuality "1"]

1. d4 d5 2. c4 e6 3. Nc3 c5 4. cxd5 exd5 5. Nf3 Nc6 6. g3 Nf6 7. Bg2 Be7 8. 0-0 0-0 9. Bg5 cxd4 10. Nxd4 h6 11. Bf4 Bg4 12. h3 Bd7 13. Kh2 Rc8 14. Nxd5 Nxd5 15. Bxd5 Nxd4 16. Qxd4 Bc6 17. Rad1 Bxd5 18. Qxd5 Qxd5 19. Rxd5 Rc2 20. Rd7 Bf6 21. Rxb7 Bxb2 22. Rxa7 Rxe2 23. Be3 Rc8 24. Rd1 Rcc2 25. Kg1 Be5 26. Re7 Bf6 27. Re8+ Kh7 28. a3 Bg5 29. Rf1 Ra2 30. h4 Bxe3 31. Rxe3 Rxe3 32. fxe3 Rxa3 33. Kf2 g6 34. Kf3 Kg7 35. Rb1 Ra6 36. Rb5 Rf6+ 37. Kg2 Re6 38. Kf3 Rf6+ 39. Ke2 h5 40. e4 Re6 41. Kf3 Rf6+ 42. Ke3 1/2-1/2

[Event "Barkhuus Memorial"]
[Site "Vanlose"]
[Date "2005.08.03"]
[Round "7"]
[White "Hejberg, Carsten"]
[Black "Andersen, Henrik"]
[Result "0-1"]
[WhiteElo "1929"]
[BlackElo "1926"]
[PlyCount "56"]
[EventDate "2005.07.27"]
[EventType "swiss"]
[EventRounds "7"]
[EventCountry "DEN"]
[SourceTitle "CBM 107 Extra"]
[Source "ChessBase"]
[SourceDate "2005.09.01"]
[SourceVersion "1"]
[SourceVersionDate "2005.09.01"]
[SourceQuality "1"]

1. d4 d5 2. c4 e6 3. Nc3 c5 4. cxd5 exd5 5. dxc5 d4 6. Na4 b5 7. cxb6 axb6 8. b3 Nf6 9. e3 Bd7 10. Qxd4 Nc6 11. Qb2 Ne4 12. a3 b5 13. Bd3 f5 14. Bxe4 fxe4 15. Nc3 Ne5 16. Kf1 Nd3 17. Qb1 Qh4 18. g3 Bh3+ 19. Nxh3 Qxh3+ 20. Kg1 Qf5 21. Ra2 Rc8 22. Qa1 b4 23. axb4 Bxb4 24. Re2 0-0 25. Bd2 Nxf2 26. Qe1 Nh3+ 27. Kg2 Qf3+ 28. Kxh3 Rf5 0-1

[Event "Barkhuus Memorial"]
[Site "Vanlose"]
[Date "2005.08.02"]
[Round "6"]
[White "Andersen, Daniel"]
[Black "Andersen, Henrik"]
[Result "1/2-1/2"]
[WhiteElo "1972"]
[BlackElo "1926"]
[PlyCount "55"]
[EventDate "2005.07.27"]
[EventType "swiss"]
[EventRounds "7"]
[EventCountry "DEN"]
[SourceTitle "CBM 107 Extra"]
[Source "ChessBase"]
[SourceDate "2005.09.01"]
[SourceVersion "1"]
[SourceVersionDate "2005.09.01"]
[SourceQuality "1"]

1. c4 e6 2. g3 d5 3. Bg2 c5 4. cxd5 exd5 5. Nf3 Nc6 6. d4 Nf6 7. 0-0 Be7 8. Bg5 0-0 9. Nc3 cxd4 10. Nxd4 h6 11. Be3 Re8 12. Rc1 Bf8 13. Nxc6 bxc6 14. Na4 Bd7 15. Bc5 Bxc5 16. Nxc5 Bg4 17. Re1 Qa5 18. h3 Bf5 19. Qa4 Qxa4 20. Nxa4 Rac8 21. g4 Bd7 22. Nc5 Kf8 23. Rc3 Ke7 24. Rd1 Rb8 25. b3 Rb5 26. a4 Rb4 27. Rdd3 Kd6 28. Nxd7 1/2-1/2

[Event "Karl Mala Memorial op 09th"]
[Site "Frankfurt"]
[Date "2005.07.31"]
[Round "6"]
[White "Weber, Ralf Josef"]
[Black "Andersen, Henrik"]
[Result "1/2-1/2"]
[WhiteElo "1827"]
[BlackElo "2020"]
[PlyCount "63"]
[EventDate "2005.07.28"]
[EventType "swiss"]
[EventRounds "7"]
[EventCountry "GER"]
[SourceTitle "EXT 2006"]
[Source "ChessBase"]
[SourceDate "2005.11.24"]
[SourceVersion "1"]
[SourceVersionDate "2005.11.24"]
[SourceQuality "1"]

1. b3 d5 2. Ba3 Nc6 3. d4 Nf6 4. e3 g6 5. Nf3 Bg7 6. Bd3 0-0 7. Nbd2 Re8 8. 0-0 e5 9. dxe5 Ng4 10. Rc1 Ncxe5 11. Be2 Nxf3+ 12. Nxf3 c6 13. b4 Qb6 14. Kh1 Nxf2+ 15. Rxf2 Qxe3 16. Qf1 Qxa3 17. Bd3 Qxb4 18. Ng5 Bh6 19. Rb1 Qh4 20. Nxf7 Rf8 21. Nxh6+ Qxh6 22. Rf6 Qg7 23. Rxf8+ Qxf8 24. Qe2 Bf5 25. Bxf5 Qxf5 26. Rxb7 Rf8 27. Kg1 Qf6 28. h3 Qd6 29. Qe3 Qf6 30. Qxa7 Qf1+ 31. Kh2 Qf4+ 32. Kg1 1/2-1/2

[Event "Barkhuus Memorial"]
[Site "Vanlose"]
[Date "2005.07.30"]
[Round "4"]
[White "Andersen, Henrik"]
[Black "Christiansen, Jens Jorgen"]
[Result "1/2-1/2"]
[WhiteElo "1926"]
[BlackElo "2112"]
[PlyCount "107"]
[EventDate "2005.07.27"]
[EventType "swiss"]
[EventRounds "7"]
[EventCountry "DEN"]
[SourceTitle "CBM 107 Extra"]
[Source "ChessBase"]
[SourceDate "2005.09.01"]
[SourceVersion "1"]
[SourceVersionDate "2005.09.01"]
[SourceQuality "1"]

1. c4 c6 2. Nc3 d5 3. cxd5 cxd5 4. d4 Nf6 5. Nf3 Nc6 6. Bf4 Bf5 7. e3 e6 8. Bb5 Nd7 9. Qa4 Rc8 10. 0-0 a6 11. Bxc6 Rxc6 12. Rfc1 Rc4 13. Qd1 Bg4 14. e4 g5 15. Bg3 Bg7 16. exd5 Rxd4 17. Qe1 Bxf3 18. dxe6 Nc5 19. gxf3 f5 20. Be5 Nd3 21. Bxg7 Nxe1 22. Rxe1 Rg8 23. e7 Qd6 24. Bxd4 g4 25. Be5 gxf3+ 26. Bg3 Qh6 27. Nd5 f4 28. Re6 Qxe6 29. Nc7+ Kxe7 30. Nxe6 Kxe6 31. b4 Kd5 32. Kf1 fxg3 33. fxg3 Kc4 34. Kf2 b5 35. Rb1 Rd8 36. Kxf3 Rd2 37. h4 Rxa2 38. g4 Ra3+ 39. Kf4 Rb3 40. Ra1 Rxb4 41. Rxa6 Ra4 42. Rh6 Ra7 43. g5 b4 44. Rb6 b3 45. h5 Ra4 46. Kf5 Rb4 47. Rc6+ Kd3 48. Rc1 Rh4 49. h6 Rc4 50. Rb1 Kc2 51. Rxb3 Kxb3 52. g6 Rc5+ 53. Kf6 Rc6+ 54. Kg7 1/2-1/2

[Event "Barkhuus Memorial"]
[Site "Vanlose"]
[Date "2005.07.29"]
[Round "3"]
[White "Nielsen, Morten Davidsen"]
[Black "Andersen, Henrik"]
[Result "0-1"]
[WhiteElo "1954"]
[BlackElo "1926"]
[PlyCount "72"]
[EventDate "2005.07.27"]
[EventType "swiss"]
[EventRounds "7"]
[EventCountry "DEN"]
[SourceTitle "CBM 107 Extra"]
[Source "ChessBase"]
[SourceDate "2005.09.01"]
[SourceVersion "1"]
[SourceVersionDate "2005.09.01"]
[SourceQuality "1"]

1. e4 c5 2. f4 e6 3. c3 d5 4. e5 Nc6 5. d4 Nh6 6. Nf3 Qb6 7. Bd3 Bd7 8. Bc2 cxd4 9. cxd4 Bb4+ 10. Nc3 0-0 11. Qd3 g6 12. g4 Nxg4 13. f5 exf5 14. h3 Ngxe5 15. Nxe5 Nxe5 16. dxe5 d4 17. a3 Bc6 18. Rf1 Bb5 19. axb4 Bxd3 20. Nd5 Bxf1 21. Nxb6 axb6 22. Rxa8 Rxa8 23. Bh6 Bxh3 24. Bb3 Re8 25. Bf4 Kg7 26. Kd2 h6 27. Kd3 g5 28. Bh2 f4 29. Kxd4 Rd8+ 30. Kc3 Bf5 31. Bg1 Rd3+ 32. Kc4 b5+ 33. Kxb5 Rxb3 34. Bd4 Be6 35. Bc3 Rxc3 36. bxc3 f3 0-1

[Event "North Sea Cup 20th"]
[Site "Esbjerg"]
[Date "2005.07.04"]
[Round "4"]
[White "Andersen, Henrik"]
[Black "Pedersen, Jan Rode"]
[Result "0-1"]
[WhiteElo "2020"]
[BlackElo "2239"]
[PlyCount "64"]
[EventDate "2005.07.02"]
[EventType "swiss"]
[EventRounds "9"]
[EventCountry "DEN"]
[SourceTitle "CBM 107 Extra"]
[Source "ChessBase"]
[SourceDate "2005.09.01"]
[SourceVersion "1"]
[SourceVersionDate "2005.09.01"]
[SourceQuality "1"]

1. e4 e5 2. Nf3 Nc6 3. Bc4 Nf6 4. Ng5 d5 5. exd5 Na5 6. Bb5+ c6 7. dxc6 bxc6 8. Be2 h6 9. Nf3 e4 10. Ne5 Bd6 11. Nc4 Nxc4 12. Bxc4 Qc7 13. h3 0-0 14. Nc3 Bf5 15. a3 Rad8 16. Ne2 e3 17. fxe3 Bg3+ 18. Nxg3 Qxg3+ 19. Kf1 Qxe3 20. d3 Qc5 21. Qf3 Rfe8 22. Bd2 Ne4 23. Be3 Ng3+ 24. Qxg3 Rxe3 25. Qf4 Rde8 26. g4 Be6 27. b4 Qb6 28. Rh2 Bxc4 29. dxc4 R8e4 30. Qf5 Qd4 31. Rf2 Qxa1+ 32. Kg2 Re7 0-1

[Event "North Sea Cup 20th"]
[Site "Esbjerg"]
[Date "2005.07.02"]
[Round "1"]
[White "Kveinys, Aloyzas"]
[Black "Andersen, Henrik"]
[Result "1-0"]
[WhiteElo "2510"]
[BlackElo "2020"]
[PlyCount "34"]
[EventDate "2005.07.02"]
[EventType "swiss"]
[EventRounds "9"]
[EventCountry "DEN"]
[SourceTitle "CBM 107 Extra"]
[Source "ChessBase"]
[SourceDate "2005.09.01"]
[SourceVersion "1"]
[SourceVersionDate "2005.09.01"]
[SourceQuality "1"]

1. d4 d5 2. Nf3 g6 3. c4 Bg7 4. cxd5 Qxd5 5. Nc3 Qd8 6. e4 Bg4 7. Be3 a6 8. Bc4 e6 9. 0-0 Nc6 10. d5 Ne5 11. Be2 Bxf3 12. Bxf3 Nxf3+ 13. Qxf3 Bxc3 14. bxc3 Qf6 15. Qg3 e5 16. Rab1 b6 17. f4 Qd8 1-0

[Event "IECG TG-2004-0-15125"]
[Site "IECG email"]
[Date "2004.03.21"]
[Round "2"]
[White "Andersen, Henrik"]
[Black "Ventimiglia, Chuck"]
[Result "0-1"]
[WhiteElo "1944"]
[BlackElo "1956"]
[PlyCount "24"]
[EventDate "2004.03.21"]
[EventType "tourn (corr)"]
[EventRounds "6"]
[SourceTitle "Corr 2024"]
[Source "ChessBase"]
[SourceDate "2023.10.19"]
[SourceVersion "1"]
[SourceVersionDate "2023.10.19"]
[SourceQuality "1"]

1. d4 d6 2. e3 Nf6 3. c4 Nbd7 4. Nc3 e5 5. Nge2 g6 6. Ng3 Bg7 7. Be2 h5 8. 0-0 h4 9. Nh1 a6 10. f3 Qe7 11. Nf2 Nb6 12. d5 Bd7 0-1

[Event "IECG TG-2004-0-15125"]
[Site "IECG email"]
[Date "2004.03.21"]
[Round "1"]
[White "Ventimiglia, Chuck"]
[Black "Andersen, Henrik"]
[Result "1-0"]
[WhiteElo "1956"]
[BlackElo "1944"]
[PlyCount "25"]
[EventDate "2004.03.21"]
[EventType "tourn (corr)"]
[EventRounds "6"]
[SourceTitle "Corr 2024"]
[Source "ChessBase"]
[SourceDate "2023.10.19"]
[SourceVersion "1"]
[SourceVersionDate "2023.10.19"]
[SourceQuality "1"]

1. e4 e6 2. Nc3 d5 3. Nf3 Bb4 4. a3 Ba5 5. b4 Bb6 6. d4 Nc6 7. e5 Bd7 8. a4 a6 9. a5 Ba7 10. b5 axb5 11. Nxb5 Nge7 12. Qd2 0-0 13. Qc3 1-0

[Event "Vanlose Summer op"]
[Site "Vanlose"]
[Date "2002.08.04"]
[Round "7"]
[White "Andersen, Henrik"]
[Black "Petersen, Flemming Petri"]
[Result "0-1"]
[WhiteElo "1901"]
[BlackElo "2085"]
[PlyCount "70"]
[EventDate "2002.07.29"]
[EventType "swiss"]
[EventRounds "7"]
[EventCountry "DEN"]
[SourceTitle "EXT 2018"]
[Source "ChessBase"]
[SourceDate "2017.10.13"]
[SourceVersion "1"]
[SourceVersionDate "2017.10.13"]
[SourceQuality "1"]

1. c4 e5 2. Nc3 Nf6 3. Nf3 Nc6 4. d4 exd4 5. Nxd4 Bc5 6. Nxc6 bxc6 7. g3 0-0 8. Bg2 Rb8 9. 0-0 Re8 10. b3 Bb7 11. Bg5 Be7 12. Qd2 c5 13. Rad1 d6 14. h4 Qc8 15. Bxf6 Bxg2 16. Kxg2 Bxf6 17. Nd5 Bxh4 18. Rh1 Bd8 19. Rh2 Qg4 20. f3 Qe6 21. Nf4 Qe3 22. Qc2 h6 23. Rd3 Qe7 24. e4 a5 25. Rd1 c6 26. Qd2 Bc7 27. Rdh1 Qf6 28. Nh5 Qd4 29. Qc1 d5 30. cxd5 a4 31. Rd1 Qe5 32. Qxc5 axb3 33. axb3 Rxb3 34. Qd4 Rb2+ 35. Kh1 Rxh2+ 0-1

[Event "Vanlose Summer op"]
[Site "Vanlose"]
[Date "2002.08.02"]
[Round "5"]
[White "Brandstrup, Bo"]
[Black "Andersen, Henrik"]
[Result "1/2-1/2"]
[WhiteElo "1924"]
[BlackElo "1901"]
[PlyCount "38"]
[EventDate "2002.07.29"]
[EventType "swiss"]
[EventRounds "7"]
[EventCountry "DEN"]
[SourceTitle "EXT 2018"]
[Source "ChessBase"]
[SourceDate "2017.10.13"]
[SourceVersion "1"]
[SourceVersionDate "2017.10.13"]
[SourceQuality "1"]

1. Nf3 d5 2. c4 e6 3. g3 c5 4. Bg2 Nc6 5. 0-0 Nf6 6. d4 Be7 7. dxc5 Bxc5 8. a3 a5 9. e3 0-0 10. Qc2 Qe7 11. b3 b6 12. cxd5 exd5 13. Bb2 Ba6 14. Rd1 Rad8 15. Nbd2 d4 16. exd4 Nxd4 17. Nxd4 Bxd4 18. Bxd4 Rxd4 19. Re1 Qd6 1/2-1/2

[Event "IECG L2.2000.0.00007 email"]
[Site "IECG email"]
[Date "2000.05.20"]
[Round "?"]
[White "Andersen, Henrik"]
[Black "Baci, Vedran"]
[Result "1/2-1/2"]
[WhiteElo "1734"]
[BlackElo "1703"]
[PlyCount "196"]
[EventDate "2000.05.20"]
[EventType "tourn (corr)"]
[EventRounds "14"]
[SourceTitle "Corr 2024"]
[Source "ChessBase"]
[SourceDate "2023.10.19"]
[SourceVersion "1"]
[SourceVersionDate "2023.10.19"]
[SourceQuality "1"]

1. d4 Nf6 2. Nf3 d6 3. Nc3 Bg4 4. e4 e6 5. h3 Bh5 6. Be2 c6 7. d5 exd5 8. exd5 Be7 9. 0-0 0-0 10. Re1 Re8 11. g4 Bg6 12. Nh4 Nfd7 13. Nxg6 hxg6 14. Bf1 g5 15. Bg2 Ne5 16. a3 Nbd7 17. b3 Bf6 18. Ra2 Nb6 19. Bd2 Rc8 20. a4 Na8 21. a5 Nc7 22. Ra4 c5 23. Ne4 Ng6 24. c4 Nf4 25. Qf3 Be5 26. Bf1 Na6 27. h4 f6 28. Ra2 Rf8 29. h5 Re8 30. Ra4 Rc7 31. Ng3 g6 32. Bd3 Rce7 33. Bc2 gxh5 34. gxh5 Nb4 35. Bb1 Kh8 36. Kf1 Rg8 37. Bg6 Nxg6 38. hxg6 Bxg3 39. Qxf6+ Rgg7 40. Rxe7 Be5 41. Qf5 Rxe7 42. Bxg5 Kg7 43. f4 Qd7 44. Qxd7 Rxd7 45. fxe5 dxe5 46. Bd2 Nc2 47. Bc3 Kxg6 48. Bxe5 Kf5 49. Bb8 Nd4 50. b4 b5 51. cxb5 Nxb5 52. bxc5 Rxd5 53. Rc4 Rd1+ 54. Kg2 Ra1 55. c6 Rxa5 56. Kf2 a6 57. c7 Nxc7 58. Bxc7 Ra3 59. Ke2 a5 60. Rc5+ Ke4 61. Bxa5 Re3+ 62. Kd2 Rd3+ 63. Kc2 Rd5 64. Rc4+ Rd4 65. Rc8 Kd5 66. Kc3 Rg4 67. Bb6 Rg3+ 68. Kb4 Rg6 69. Bc5 Rg4+ 70. Kb5 Rg2 71. Rd8+ Ke4 72. Rd1 Rh2 73. Bb6 Rc2 74. Bd4 Kf3 75. Re1 Kf4 76. Kb4 Rc8 77. Bc5 Rb8+ 78. Kc4 Rb2 79. Kd5 Rb3 80. Re7 Rd3+ 81. Bd4 Rb3 82. Rf7+ Kg4 83. Ke4 Ra3 84. Rg7+ Kh3 85. Kf4 Ra4 86. Rg3+ Kh2 87. Rd3 Kg2 88. Rd2+ Kh3 89. Rd1 Kg2 90. Kg4 Ra8 91. Rd2+ Kf1 92. Be3 Ke1 93. Rb2 Rf8 94. Bf4 Rd8 95. Kf3 Rd3+ 96. Be3 Rd8 97. Rb1+ Rd1 98. Rxd1+ Kxd1 1/2-1/2